000 00430nam a22001097a 4500
999 _c15115
_d15115
008 200304b ||||| |||| 00| 0 eng d
245 _aCheaper medicines;
_bDOF said over 100 medicine brands for treatment of diabetes,hypertension, and high cholesterol are now cheaper under TRAIN law.
260 _aDavao City, Philippines;
_bSunstar Davao,
_c©2019.
300 _apage 12;
_c29.5cm.
650 _aMedicine.
_941849
942 _2ddc
_cPER